Základné princípy metódy Six sigma

História Six sigma. Obsahové vymedzenie pojmu Six sigma. Hodnota sigma (spôsobilosť procesu). Základné princípy metódy Six sigma.

Uložené v:
Podrobná bibliografia
Hlavný autor: Kasanická, Miriam
Médium: Kapitola
Jazyk:Slovak
Predmet:
Tagy: Pridať tag
Žiadne tagy, Buďte prvý, kto otaguje tento záznam!

MARC

LEADER 00000nla$a2200000$$$4500
001 0103450
005 20240502072126.7
041 0 |a slo 
044 |a SK 
245 1 0 |a Základné princípy metódy Six sigma  |c Miriam Kasanická 
520 |a História Six sigma. Obsahové vymedzenie pojmu Six sigma. Hodnota sigma (spôsobilosť procesu). Základné princípy metódy Six sigma. 
610 2 0 |a výkony podnikové 
610 2 0 |a zákazníci 
610 2 0 |a prostredie ekonomické 
610 2 0 |a riadenie podnikové 
610 2 0 |a kvalita 
610 2 0 |a efektívnosť ekonomická 
100 1 |a Kasanická, Miriam